Statistiques concernant Les partis gaullistes (jusqu'au RPR)

Cliquez ici pour prendre le quiz!

Statistiques générales

  • Ce quiz a été pris 30 fois
  • Le résultat moyen est 17 sur 24

Statistiques - réponses

IndicesRéponses% Correct
Appel historique qui le fit connaître en 1940Appel du 18 juin
100%
Son successeur, futur président de la République.Georges Pompidou
96%
Le général est ensuite élu...Président de la République
96%
Président de centre droit qui aura de nombreux ministres gaullistesValéry Giscard-d'Estaing
92%
Lieu où il meurt en 1970Colombey les deux Eglises
88%
Nom complet de la figure de proue des mouvements gaullistesCharles de Gaulle
84%
Crise importante qui remet en cause la société classique françaiseMai 1968
84%
Accord qui permet l'indépendance de 3 départements français.Accords d'Evian
80%
Issue de ce réferendum, le général...démissionne
80%
Symbole de ces mouvements, issu de la résistanceCroix de Lorraine
76%
Crise qui explique ce choixGuerre d'Algérie
72%
Les grands partis à cette époque:PCF, MRP, SFIO
72%
Date de création du RPF à l'initiative du Général1947
68%
Processus accéleré par l'arrivée au pouvoir des gaullistes (dans l'empire colonial)décolonisation
68%
Maire de Bordeaux et ancien résistant battu aux élections de 1974Jacques Chaban-Delmas
68%
Réforme concernant l'élection du président de la République, votée en 1962, (initiale SUD)suffrage universel direct
68%
Figure du parti gaulliste qui démissionne de Matignon en 1962Michel Debré
64%
Fonction prise par le général à l'appel de René CotyPrésident du Conseil
64%
Nom du parti gaulliste à cette époque (jusqu'en 1976)Union des démocrates pour la république
56%
Objets du réferendum annoncé par le Général suite à celle-ci:Régionalisation et réforme du Sénat
52%
Nouveau régime mis en placeVème République
52%
Régime politique critiqué par le RPFIVème République
48%
Qui souffre selon lui d'un excès de p...parlementarisme
32%
Gaulliste de gauche, premier secrétaire général du RPFJacques Soustelle
12%

Distribution des résultats

Percentile par nombre de réponses

% des personnes avec chaque résultat

Votre développement - résultats

Vous n’avez pas pris ce quiz